Xây dựng mô hình bù trễ cho hệ thống cảm ứng lực hai bậc tự do sử dụng lưu chất từ biến : Luận văn thạc sĩ - Chuyên ngành: Kỹ thuật cơ khí

Guardat en:
Dades bibliogràfiques
Autor principal: Trương, Ngọc Toàn
Format: Luận văn
Idioma:Undetermined
Publicat: Trường Đại học Công nghiệp Tp. Hồ Chí Minh 2018
Matèries:
Etiquetes: Afegir etiqueta
Sense etiquetes, Sigues el primer a etiquetar aquest registre!
Thư viện lưu trữ: Trung tâm Thư viện - Trường Đại học Công nghiệp TP. Hồ Chí Minh
LEADER 00736nam a2200157Ia 4500
001 UIH_01347
008 230809s9999 xx 000 0 und d
082 |a 621.8 
100 |a Trương, Ngọc Toàn 
245 0 |a Xây dựng mô hình bù trễ cho hệ thống cảm ứng lực hai bậc tự do sử dụng lưu chất từ biến : Luận văn thạc sĩ - Chuyên ngành: Kỹ thuật cơ khí 
245 0 |c Trương, Ngọc Toàn 
260 |b Trường Đại học Công nghiệp Tp. Hồ Chí Minh 
260 |c 2018 
650 |a Kỹ thuật cơ khí; 
927 |a Luận văn 
980 |a Trung tâm Thư viện - Trường Đại học Công nghiệp TP. Hồ Chí Minh